| 000 | 00790cam a2200265 a 4500 | ||
|---|---|---|---|
| 999 |
_c3331 _d3331 |
||
| 001 | 42021282 | ||
| 003 | OCoLC | ||
| 005 | 20181108162301.0 | ||
| 008 | 970408s1997 pau 000 0 eng | ||
| 010 | _a 97137311 | ||
| 020 | _a1560431903 | ||
| 020 | _a9781560431909 | ||
| 035 | _a(OCoLC)42021282 | ||
| 040 |
_aDLC _cDLC _dBAKER _dBTCTA _dYDXCP _dOCLCG |
||
| 050 | 0 | 0 |
_aBV3790 _b.K498 1997 |
| 082 | 0 | 0 |
_a269 _221 _bK48w |
| 092 |
_a269 _bK489 |
||
| 100 | 1 |
_aKilpatrick, John, _cpastor. |
|
| 245 | 1 | 0 |
_aWhen the heavens are brass : _bkeys to genuine revival / _cJohn Kilpatrick ; [foreword by Stephen Hill]. |
| 260 |
_aShippensburg, PA : _bRevival Press, _cc1997. |
||
| 300 |
_axiv, 153 p. ; _c23 cm. |
||
| 650 | 0 | _aRevivals. | |
| 650 | 0 |
_aSpiritual life _xChristianity. |
|
| 942 |
_2ddc _cBK |
||